00277nam a2200121Ia 4500008004100000041000900041082001800050100002000068245002000088260003100108300000800139650000800147230718s9999 xx 000 0 und d aEng. a347.54bKHA-P aKhan,Smad Abdul 0apre-emption act aPakistanbkhyber lawc2006 a370 aLaw